|
|
|
|
| LEADER |
00000nam0a2200000 4500 |
| 001 |
118162 |
| 005 |
20231101215443.0 |
| 035 |
|
|
|a (RuTPU)RU\TPU\book\127879
|
| 090 |
|
|
|a 118162
|
| 100 |
|
|
|a 20070608d1980 m y0rusy50 ca
|
| 101 |
0 |
|
|a rus
|
| 102 |
|
|
|a RU
|
| 105 |
|
|
|a a z 000zy
|
| 200 |
1 |
|
|a Расчет и конструирование аттенюаторов СВЧ
|f В. С. Калашников, А. В. Негурей
|
| 210 |
|
|
|a Москва
|c Связь
|d 1980
|
| 215 |
|
|
|a 89 с.
|c ил.
|
| 320 |
|
|
|a Библиогр.: с. 87-89
|
| 606 |
1 |
|
|a Аттенюаторы сверхвысоких частот
|x Конструкция и расчет
|2 stltpush
|3 (RuTPU)RU\TPU\subj\29805
|9 53066
|
| 610 |
1 |
|
|a классификация
|
| 610 |
1 |
|
|a параметры
|
| 610 |
1 |
|
|a предельные аттенюаторы
|
| 610 |
1 |
|
|a поляризационные аттенюаторы
|
| 610 |
1 |
|
|a аттенюаторы на делителях мощности
|
| 610 |
1 |
|
|a полупроводниковые аттенюаторы СВЧ
|
| 610 |
1 |
|
|a ослабление
|
| 610 |
1 |
|
|a измерение
|
| 610 |
1 |
|
|a методы
|
| 610 |
1 |
|
|a аппаратура
|
| 675 |
|
|
|a 621.372.85
|v 4
|
| 700 |
|
1 |
|a Калашников
|b В. С.
|g Вадим Серафимович
|
| 701 |
|
1 |
|a Негурей
|b А. В.
|g Александр Витальевич
|
| 801 |
|
1 |
|a RU
|b 63413507
|c 20070608
|g PSBO
|
| 801 |
|
2 |
|a RU
|b 63413507
|c 20210426
|g PSBO
|
| 942 |
|
|
|c BK
|